000 00239nam a2200097Ia 4500
001 688991
005 20250826161625.0
008 250824s9999 xx 000 0 und d
245 0 _aŞAHİN BEY
_cİSMAİL BİLGİN
260 _bTİMAŞ YAYINLARI
999 _c688991
_d688991